logo

Bir Sreshtho Munshi Abdur Rouf Library
Jhenaidah Cadet College

History of modern Europe since 1789 / (Record no. 7062)

MARC details
000 -LEADER
fixed length control field 00762cam a22002651 4500
001 - CONTROL NUMBER
JCCL Control Number 7062
003 - CONTROL NUMBER IDENTIFIER
JCCL marc code BD-JhCC
005 - DATE AND TIME OF LATEST TRANSACTION
control field 20180416095117.0
008 - FIXED-LENGTH DATA ELEMENTS--GENERAL INFORMATION
fixed length control field 740123s1966 ii abc b 001 0 eng
035 ## - SYSTEM CONTROL NUMBER
system control number (BD-JhCC)7062
040 ## - CATALOGING SOURCE
Original cataloging agency DLC
Transcribing agency DLC
Modifying agency DLC
041 ## - LANGUAGE CODE
Language code of Book eng
050 10 - LIBRARY OF CONGRESS CALL NUMBER
Classification number D299
Item number .M26 1966
082 00 - DEWEY DECIMAL CLASSIFICATION NUMBER
Classification number 940.2
Author mark and Year MAH 1989
100 1# - MAIN ENTRY--PERSONAL NAME
Personal name Mahajan, Vidya Dhar.
245 10 - TITLE STATEMENT
Title History of modern Europe since 1789 /
Statement of responsibility, etc Vidya Dhar Mahajan
250 ## - EDITION STATEMENT
Edition statement 4th ed., thoroughly rev. and enl.
260 ## - PUBLICATION, DISTRIBUTION, ETC. (IMPRINT)
Place of publication, distribution, etc Delhi,
Name of publisher, distributor, etc S. Chand,
Date of publication, distribution, etc 1966.
300 ## - PHYSICAL DESCRIPTION
Pagination xv, 626 p.
Other physical details illus., maps, ports.
Dimensions 22 cm.
504 ## - BIBLIOGRAPHY, ETC. NOTE
Bibliography, etc Includes bibliographies.
650 #0 - SUBJECT ADDED ENTRY--TOPICAL TERM
Topical term or geographic name as entry element History, Modern
Chronological subdivision 20th century.
Geographic subdivision Europe
651 #0 - SUBJECT ADDED ENTRY--GEOGRAPHIC NAME
Geographic name Europe
General subdivision History
Chronological subdivision 1789-1900.
942 ## - ADDED ENTRY ELEMENTS (KOHA)
Source of classification or shelving scheme Dewey Decimal Classification
Koha item type Books
Holdings
Source of classification or shelving scheme Damaged status Not for loan Home library Current library Shelving location Date of accession Total Checkouts Full call number Barcode Date last seen Date checked out Copy number Koha item type
Dewey Decimal Classification     JCC Rouf Library JCC Rouf Library General Stacks 02/04/2018 1 940.2 MAH 1989 9473 12/03/2025 11/29/2025 C - 1 Books

JCC Library | Contacts | JCC Home

Last Update on 23 September 2017
Copyright @ 2017-2020 JCC Rouf Library
Rouf Library, Jhenidah Cadet College (JCC), Bangladesh